000
00335 a2200157 4500
001
169992
020
_a
0-19-423047-3
040
_c
Magnum
100
_a
Dickens, Charles
240
1
0
_a
A tale of two cities
_l
ING
245
1
0
_a
A tale of two cities
300
_a
88
362
0
_a
2000
697
_a
LITERATURA INGLESA
942
_c
BK
999
_c
169992
_d
169992